1978 1912 1212 1031 1766 1140 1825 1883 1876 1655 1174 1034 1223 1738 1940 1324 1366 1592 1608 1733 1537 1632 1577 1608 1878 1913 1768 1073 1231 1454 1545 1087 1014 1489 1303 1997 1095 1202 1142 1124 1072 1071 1984 1832 1955 1385 1064 1411 1151 1702 1122 1295 1327 1890 1308 1490 1050 1221 1705 1248 1339 1159 1106 1483 1470 1713 1883 1810 1506 1679 1713 1195 1730 1796 1470 1094 1678 1214 1825 1041 1881 1887 1763 1973 1395 1082 1821 1870 1694 1985 1711 1974 1332 1173 1885 1451 1970 1529 1033 BCNSPRNW ULIB Ver.6.0+V

เปลี่ยนเป็นภาษาไทย

Change to English
 แสดงรายละเอียดบรรณานุกรม
  กลับหน้าหลัก

Brief Record : Get Marc (ISO 2709) : E-mail record : QR code < ปิดหน้าต่าง
LEADER : 00000nam 2200000uu 4500
001    13399122044
003     ULIB
008    020711s2552 th a 000 0 tha d
020    9786161101121
060    WK810^bม155ค
100    มนทิพา ทรงพานิช
110    กระทรวงสาธารณสุข.^bกรมพัฒนาการแพทย์แผนไทย.^bสำนักการแพทย์ทางเลือก.
245    คู่มือการดูแลผู้ป่วยเบาหวานแบบผสมผสานสำหรับประชาชน/^cบรรณาธิการ,มนทิพา ทรงพานิช
250    พิมพ์ครั้งที่ 1
260    กรุงเทพฯ :^bสำนักการแพทย์ทางเลือก.,^c2552
300    98 หน้า
650    เบาหวาน^xการดูแล
945    ^p0^l0^i16125
999    ^aทศพร เกษรทอง
รายการนี้ยังไม่มีแท็ก
คุณยังไม่ได้ล็อกอิน คุณสามารถมีกิจกรรมร่วมกับเว็บไซต์ได้ แต่ต้องล็อกอินก่อน ::
  ล็อกอิน

รายการสื่อสารสนเทศ

ลำดับที่ ประเภท เลขเรียก/บาร์โค้ด สถานที่ สถานะ
- ไม่พบข้อมูล -

BibComment


ยังไม่เคยถูกคอมเมนท์

คอมเมนท์ทรัพยากรรายการนี้
  คอมเมนท์: คู่มือการดูแลผู้ป..


 Copyright 2026. Bcnsprnw @Library